[Event "DOM-ch"]
[Site "Santo Domingo"]
[Date "2010.04.17"]
[Round "6"]
[White "Puntier Andujar, Fausto Jiovanny"]
[Black "Tavarez, Malfio"]
[Result "1/2-1/2"]
[WhiteElo "2232"]
[BlackElo "2145"]
[PlyCount "132"]
[EventDate "2010.04.09"]
[EventType "swiss"]
[EventRounds "11"]
[EventCountry "DOM"]
[SourceTitle "EXT 2012"]
[Source "ChessBase"]
[SourceDate "2011.11.24"]
[SourceVersion "1"]
[SourceVersionDate "2011.11.24"]
[SourceQuality "1"]

1. d4 Nf6 2. c4 c5 3. d5 e6 4. Nc3 exd5 5. cxd5 d6 6. Nf3 g6 7. h3 Bg7 8. e4 0-0 9. Bd3 Na6 10. 0-0 Nc7 11. a4 b6 12. Bf4 a6 13. Qb3 Rb8 14. e5 Nfe8 15. Rfd1 b5 16. axb5 axb5 17. Ra7 Ba6 18. exd6 Nxd6 19. Ne4 c4 20. Qa2 Nde8 21. Bb1 Ra8 22. Rxa8 Qxa8 23. Nc5 Nxd5 24. Be5 Bxe5 25. Nxe5 Nec7 26. Be4 Bb7 27. Qxa8 Bxa8 28. Ned7 Rd8 29. Ra1 Bc6 30. Ne5 Be8 31. Ra7 Rd6 32. g4 f6 33. Nf3 b4 34. Nd4 Nf4 35. Nc2 Ncd5 36. Kh2 b3 37. Na3 Rc6 38. Ra5 c3 39. Nxb3 cxb2 40. Rxd5 Rc3 41. Rd8 Kf7 42. Rb8 Ba4 43. Rb7+ Kf8 44. Nd4 Rxa3 45. Rxb2 Rxh3+ 46. Kg1 Rc3 47. f3 Rc4 48. Ne2 Nh3+ 49. Kg2 Ng5 50. Bb1 Bd1 51. Kf2 Kg7 52. Rd2 Ba4 53. Ba2 Rc7 54. Bb1 Bc6 55. Nd4 Bd5 56. Ba2 Bxa2 57. Rxa2 Rc3 58. Ra7+ Kh6 59. Rd7 Ra3 60. Kg2 Ra6 61. Kg3 Ne6 62. Nxe6 Rxe6 63. Rf7 g5 64. Rf8 Kg7 65. Ra8 Re1 66. Rb8 h6 1/2-1/2

[Event "DOM-ch"]
[Site "Santo Domingo"]
[Date "2010.04.11"]
[Round "4"]
[White "Infante Guerrero, Miguel Antonio"]
[Black "Tavarez, Malfio"]
[Result "1-0"]
[WhiteElo "2241"]
[BlackElo "2145"]
[PlyCount "81"]
[EventDate "2010.04.09"]
[EventType "swiss"]
[EventRounds "11"]
[EventCountry "DOM"]
[SourceTitle "EXT 2012"]
[Source "ChessBase"]
[SourceDate "2011.11.24"]
[SourceVersion "1"]
[SourceVersionDate "2011.11.24"]
[SourceQuality "1"]

1. Nf3 Nf6 2. c4 g6 3. Nc3 c5 4. e4 d6 5. d4 cxd4 6. Nxd4 Bg7 7. Be2 0-0 8. 0-0 a6 9. Be3 Nbd7 10. Qd2 Nc5 11. f3 Ne6 12. Nc2 Re8 13. Rfd1 Rb8 14. Rac1 Bd7 15. b4 a5 16. a3 Bc6 17. Qe1 Nh5 18. Bf1 axb4 19. axb4 b5 20. Nxb5 Bxb5 21. cxb5 Qd7 22. Qd2 Nc7 23. Na3 Rec8 24. b6 Ne8 25. Bb5 Qd8 26. Rxc8 Qxc8 27. Rc1 Qd8 28. Nc4 Nhf6 29. Bc6 e6 30. Rd1 Bf8 31. b5 Be7 32. h3 Nd7 33. b7 Qc7 34. Qa5 Rxb7 35. Bxb7 Qxc4 36. Bc6 Qb3 37. Qd2 Nef6 38. Qd3 Qa4 39. Rb1 Ne5 40. Qc3 Nh5 41. Ra1 1-0